000 00735cam a2200217 a 4500
001 000011882
005 20200929162614.0
008 840307s1967 pr a b 000 0 spa d
040 _aDO-SdBNP
_bspa
_cLC
_dBNPHU
050 0 0 _aLB1577.S7
_bP35
082 _a372.6/5
_bP293e, 1967
100 1 _aPastor, Ángeles.
_928088
245 1 3 _aLa enseñanza de la lengua escrita en la escuela elemental :
_bguía para maestros /
_cÁngeles Pastor.
250 _a2a ed.
260 _aSan Juan, Puerto Rico :
_bJuan Ponce de León,
_c1967.
300 _a404 p. :
_bil. ;
_c22 cm.
504 _aBibliografía: p. 403-404.
650 0 _aSpanish language
_xStudy and teaching (elementary)
_928089
910 _aCatalogación derivada
049 _aBNGR
999 _c11554
_d11554